| 000 | 00672nam a22001817a 4500 | ||
|---|---|---|---|
| 003 | OSt | ||
| 005 | 20180116183107.0 | ||
| 008 | 170830b xxu||||| |||| 00| 0 eng d | ||
| 020 | _a9780064671651 | ||
| 040 | _c0 | ||
| 082 | _a515 TRI 1993 | ||
| 100 | _aLawrence A. Trivieri | ||
| 245 |
_aPrecalculus Mathematics Functions & Graphs _bComprehensive Outline in Easy-To-Use Narrative Format, Supplements Major Textbooks, solved Problems, Charts, Graphs, Fully Indexed _cLawrence A. Trivieri |
||
| 260 |
_aUSA _bHarper Perennial Collins Publishers _c1993 |
||
| 300 |
_a368p. _bpb |
||
| 440 | _aPrecalculus Mathematics Functions & Graphs | ||
| 942 |
_2ddc _cBK _k515 TRI 1993 |
||
| 999 |
_c352082 _d352082 |
||